| 000 | 00691nam a22002057a 4500 | ||
|---|---|---|---|
| 999 |
_c14041 _d14041 |
||
| 003 | AR-CdUCM | ||
| 008 | 190417b ||||| |||| 00| 0 spa d | ||
| 020 | _a978-9972-59-271-3 | ||
| 040 |
_aMUNICIPALIDAD PROVINCIAL DEL CUSCO _cBIBLIOTECA MUNICIPAL DEL CUSCO |
||
| 082 |
_aEP / 803 / _bAL42 |
||
| 110 |
_aCorporación gráfica Navarrete. _928585 |
||
| 245 | _aAlicia en el país de las maravillas / | ||
| 260 |
_aLima : _bCorporación gráfica Navarrete, _c2009. |
||
| 300 |
_a95 páginas ; _c19 cm. |
||
| 440 |
_aColección ruiseñor. _929353 |
||
| 505 | _aContenido :Alicia en el país de las maravillas. | ||
| 650 |
_aCuentos _9217 |
||
| 942 |
_2ddc _cLIBROS |
||
| 945 |
_arum _d2019-04-17 |
||